Вып. 2; Микроэлектроника

Dades bibliogràfiques
Parent link:Микроэлектроника: Сборник статей/ Под ред. Ф. В. Лукина. Вып. 2.— , 1967-
Idioma:rus
Publicat: 1968
Matèries:
Format: Llibre
KOHA link:https://koha.lib.tpu.ru/cgi-bin/koha/opac-detail.pl?biblionumber=56008

MARC

LEADER 00000nam2a2200000 4500
001 56008
005 20231031053036.0
035 |a (RuTPU)RU\TPU\book\58798 
035 |a RU\TPU\book\58797 
090 |a 56008 
100 |a 20030924d1968 k y0rusy50 ca 
101 0 |a rus 
102 |a RU 
105 |a a z 001zy 
200 0 |a Вып. 2 
210 |d 1968 
215 |a 312 с.  |c ил. 
320 |a Библиогр. в конце статей 
461 1 |0 (RuTPU)RU\TPU\book\58794  |t Микроэлектроника  |o Сборник статей  |f Под ред. Ф. В. Лукина  |v Вып. 2  |d 1967- 
610 1 |a электроника 
610 1 |a микроэлектроника 
610 1 |a проектирование 
610 1 |a интегральные схемы 
610 1 |a расчет 
675 |a 621.385  |v 3 
801 1 |a RU  |b 63413507  |c 20030924  |g PSBO 
801 2 |a RU  |b 63413507  |c 20220926  |g PSBO 
942 |c BK